{"text_format":"3","workbook":"xlsx","n_sheets":1,"sheets":["t91"],"read":"whole","date_system":"1900"}

{"sheet":"t91","index":0,"n_rows":231,"n_cols":7,"rows_kept":231,"merged":[[0,0,0,6],[28,0,28,5],[49,0,49,5],[170,0,170,5]]}
["TABELA 91.1 - Estatísticas Agrícolas, Município de Brotas, Estado de São Paulo, 2016/17."]
["ITEM","UNIDADE","N.DE UPAs","MÍNIMO","MÉDIO","MÁXIMO","TOTAL"]
["Distância à sede do município","km",730,0.5,{"v":16.28,"d":"16.3"},{"v":45,"d":"45.0"},"-"]
["Área total","hectare",730,0.2,{"v":139,"d":"139.0"},{"v":6222.7,"d":"6,222.7"},{"v":101470.61,"d":"101,470.6"}]
["Área com cultura perene","hectare",91,0.2,{"v":125.23,"d":"125.2"},{"v":3342.5,"d":"3,342.5"},{"v":11395.9,"d":"11,395.9"}]
["Área com cultura temporária","hectare",386,0.1,{"v":93.31,"d":"93.3"},{"v":2846.5,"d":"2,846.5"},{"v":36016,"d":"36,016.0"}]
["Área com pastagem","hectare",434,0.1,{"v":37.42,"d":"37.4"},787.7,{"v":16242.2,"d":"16,242.2"}]
["Área com reflorestamento","hectare",182,0.1,{"v":81.22,"d":"81.2"},{"v":4542,"d":"4,542.0"},{"v":14782.1,"d":"14,782.1"}]
["Área com vegetação natural","hectare",570,{"v":0.06,"d":"0.1"},{"v":28.42,"d":"28.4"},{"v":1241.7,"d":"1,241.7"},{"v":16202.11,"d":"16,202.1"}]
["Área com vegetação de brejo e várzea","hectare",65,0.1,3.7,{"v":110,"d":"110.0"},{"v":240.42,"d":"240.4"}]
["Área em descanso","hectare",46,0.5,{"v":65,"d":"65.0"},{"v":1210,"d":"1,210.0"},{"v":2990.22,"d":"2,990.2"}]
["Área complementar","hectare",584,{"v":0.05,"d":"0.1"},{"v":6.17,"d":"6.2"},{"v":439,"d":"439.0"},{"v":3601.66,"d":"3,601.7"}]
["Área das UPAs com (0, 1] ha","hectare",2,0.2,0.6,{"v":1,"d":"1.0"},1.2]
["Área das UPAs com (1, 2] ha","hectare",5,1.2,{"v":1.81,"d":"1.8"},{"v":2,"d":"2.0"},{"v":9.05,"d":"9.1"}]
["Área das UPAs com (2, 5] ha","hectare",41,2.3,{"v":3.56,"d":"3.6"},4.9,{"v":145.83,"d":"145.8"}]
["Área das UPAs com (5, 10] ha","hectare",71,5.1,{"v":7.93,"d":"7.9"},{"v":10,"d":"10.0"},{"v":562.98,"d":"563.0"}]
["Área das UPAs com (10, 20] ha","hectare",95,10.1,{"v":15.21,"d":"15.2"},{"v":20,"d":"20.0"},{"v":1444.54,"d":"1,444.5"}]
["Área das UPAs com (20, 50] ha","hectare",193,20.5,{"v":32.68,"d":"32.7"},49.5,{"v":6307.93,"d":"6,307.9"}]
["Área das UPAs com (50, 100] ha","hectare",125,50.2,{"v":73.72,"d":"73.7"},{"v":99.49,"d":"99.5"},{"v":9215.14,"d":"9,215.1"}]
["Área das UPAs com (100, 200] ha","hectare",89,102.7,{"v":143.22,"d":"143.2"},198.4,{"v":12746.21,"d":"12,746.2"}]
["Área das UPAs com (200, 500] ha","hectare",76,{"v":203,"d":"203.0"},{"v":312.55,"d":"312.6"},485.8,{"v":23753.47,"d":"23,753.5"}]
["Área das UPAs com (500, 1.000] ha","hectare",15,{"v":505,"d":"505.0"},{"v":655.97,"d":"656.0"},990.8,{"v":9839.56,"d":"9,839.6"}]
["Área das UPAs com (1.000, 2.000] ha","hectare",12,{"v":1002.7,"d":"1,002.7"},{"v":1282.19,"d":"1,282.2"},{"v":1778,"d":"1,778.0"},{"v":15386.3,"d":"15,386.3"}]
["Área das UPAs com (2.000, 5.000] ha","hectare",5,{"v":2181.6,"d":"2,181.6"},{"v":3167.14,"d":"3,167.1"},{"v":4046,"d":"4,046.0"},{"v":15835.7,"d":"15,835.7"}]
["Área das UPAs com (5.000, 10.000] ha","hectare",1,{"v":6222.7,"d":"6,222.7"},{"v":6222.7,"d":"6,222.7"},{"v":6222.7,"d":"6,222.7"},{"v":6222.7,"d":"6,222.7"}]
["Área das UPAs acima de 10.000 ha","hectare","-","-","-","-","-"]
["Fonte: Secretaria de Agricultura e Abastecimento, CDRS/IEA, Projeto LUPA."]
[]
["TABELA 91.2 - Explorações Animais, Município de Brotas, Estado de São Paulo, 2016/17."]
["ITEM","UNIDADE","N.DE UPAs","MÍNIMO","MÉDIO","MÁXIMO","TOTAL"]
["Apicultura","colmeias",9,{"v":1,"d":"1.0"},{"v":142.11,"d":"142.1"},{"v":700,"d":"700.0"},{"v":1279,"d":"1,279.0"}]
["Asininos e muares","cabecas",74,{"v":1,"d":"1.0"},{"v":2.01,"d":"2.0"},{"v":20,"d":"20.0"},{"v":149,"d":"149.0"}]
["Avicultura de corte","cabecas/ano",29,{"v":20000,"d":"20,000.0"},{"v":149672.41,"d":"149,672.4"},{"v":780000,"d":"780,000.0"},{"v":4340500,"d":"4,340,500.0"}]
["Avicultura ornamental/decorativa/exotica","cabecas",10,{"v":18,"d":"18.0"},47.8,{"v":200,"d":"200.0"},{"v":478,"d":"478.0"}]
["Avicultura para ovos","cabecas",4,{"v":280,"d":"280.0"},{"v":59320,"d":"59,320.0"},{"v":120000,"d":"120,000.0"},{"v":237280,"d":"237,280.0"}]
["Bovinocultura de corte","cabecas",142,{"v":4,"d":"4.0"},{"v":115.25,"d":"115.3"},{"v":1132,"d":"1,132.0"},{"v":16366,"d":"16,366.0"}]
["Bovinocultura leiteira","cabecas",19,{"v":7,"d":"7.0"},{"v":49.58,"d":"49.6"},{"v":230,"d":"230.0"},{"v":942,"d":"942.0"}]
["Bovinocultura mista","cabecas",157,{"v":2,"d":"2.0"},{"v":55.41,"d":"55.4"},{"v":471,"d":"471.0"},{"v":8700,"d":"8,700.0"}]
["Caprinocultura","cabecas",4,{"v":1,"d":"1.0"},{"v":57.25,"d":"57.3"},{"v":215,"d":"215.0"},{"v":229,"d":"229.0"}]
["Equinocultura","cabecas",219,{"v":1,"d":"1.0"},{"v":5.83,"d":"5.8"},{"v":296,"d":"296.0"},{"v":1277,"d":"1,277.0"}]
["Helicicultura","viveiros",2,{"v":2,"d":"2.0"},{"v":2,"d":"2.0"},{"v":2,"d":"2.0"},{"v":4,"d":"4.0"}]
["Minhocultura","canteiros",1,{"v":10,"d":"10.0"},{"v":10,"d":"10.0"},{"v":10,"d":"10.0"},{"v":10,"d":"10.0"}]
["Ovinocultura","cabecas",25,{"v":1,"d":"1.0"},39.2,{"v":200,"d":"200.0"},{"v":980,"d":"980.0"}]
["Piscicultura","m2 tanques",7,{"v":500,"d":"500.0"},{"v":3300,"d":"3,300.0"},{"v":10000,"d":"10,000.0"},{"v":23100,"d":"23,100.0"}]
["Ranicultura","girinos/ano",1,{"v":10000,"d":"10,000.0"},{"v":10000,"d":"10,000.0"},{"v":10000,"d":"10,000.0"},{"v":10000,"d":"10,000.0"}]
["Sericicultura","gramas larvas/ano",1,{"v":367,"d":"367.0"},{"v":367,"d":"367.0"},{"v":367,"d":"367.0"},{"v":367,"d":"367.0"}]
["Suinocultura","cabecas",47,{"v":2,"d":"2.0"},{"v":440.55,"d":"440.6"},{"v":20085,"d":"20,085.0"},{"v":20706,"d":"20,706.0"}]
["Fonte: Secretaria de Agricultura e Abastecimento, CDRS/IEA, Projeto LUPA."]
[]
["TABELA 91.3 -  Máquinas, Implementos e Benfeitorias, Município de Brotas, Estado de São Paulo, 2016/17."]
["ITEM","UNIDADE","N.DE UPAs","MÍNIMO","MÉDIO","MÁXIMO","TOTAL"]
["Arado comum (bacia, aiveca)","unidade",105,{"v":1,"d":"1.0"},{"v":1.27,"d":"1.3"},{"v":5,"d":"5.0"},{"v":133,"d":"133.0"}]
["Arado escarificador","unidade",74,{"v":1,"d":"1.0"},{"v":1.08,"d":"1.1"},{"v":3,"d":"3.0"},{"v":80,"d":"80.0"}]
["Arado subsolador","unidade",24,{"v":1,"d":"1.0"},{"v":1.21,"d":"1.2"},{"v":4,"d":"4.0"},{"v":29,"d":"29.0"}]
["Batedeira de cereais","unidade",13,{"v":1,"d":"1.0"},{"v":1,"d":"1.0"},{"v":1,"d":"1.0"},{"v":13,"d":"13.0"}]
["Camara fria","unidade",1,{"v":1,"d":"1.0"},{"v":1,"d":"1.0"},{"v":1,"d":"1.0"},{"v":1,"d":"1.0"}]
["Carregadeira de cana","unidade",7,{"v":1,"d":"1.0"},{"v":3,"d":"3.0"},{"v":12,"d":"12.0"},{"v":21,"d":"21.0"}]
["Carreta de trator","unidade",10,{"v":1,"d":"1.0"},1.6,{"v":2,"d":"2.0"},{"v":16,"d":"16.0"}]
["Colhedeira acoplada","unidade",12,{"v":1,"d":"1.0"},{"v":1.17,"d":"1.2"},{"v":2,"d":"2.0"},{"v":14,"d":"14.0"}]
["Colhedeira automotriz","unidade",3,{"v":1,"d":"1.0"},{"v":2.33,"d":"2.3"},{"v":4,"d":"4.0"},{"v":7,"d":"7.0"}]
["Computador","unidade",7,{"v":1,"d":"1.0"},{"v":1.57,"d":"1.6"},{"v":4,"d":"4.0"},{"v":11,"d":"11.0"}]
["Conj.irrigacao autopropelido","unidade",3,{"v":1,"d":"1.0"},{"v":1,"d":"1.0"},{"v":1,"d":"1.0"},{"v":3,"d":"3.0"}]
["Conj.irrigacao convencional","unidade",11,{"v":1,"d":"1.0"},{"v":2,"d":"2.0"},{"v":10,"d":"10.0"},{"v":22,"d":"22.0"}]
["Conj.irrigacao pivot central","unidade",2,{"v":1,"d":"1.0"},{"v":4,"d":"4.0"},{"v":7,"d":"7.0"},{"v":8,"d":"8.0"}]
["Conj.irrigacao/gotejamento/microaspersao","unidade",6,{"v":1,"d":"1.0"},{"v":4.17,"d":"4.2"},{"v":20,"d":"20.0"},{"v":25,"d":"25.0"}]
["Conjunto de fenacao","unidade",5,{"v":1,"d":"1.0"},1.2,{"v":2,"d":"2.0"},{"v":6,"d":"6.0"}]
["Desintegrador de palha (plantio direto)","unidade",1,{"v":1,"d":"1.0"},{"v":1,"d":"1.0"},{"v":1,"d":"1.0"},{"v":1,"d":"1.0"}]
["Desintegrador, picador, triturador","unidade",192,{"v":1,"d":"1.0"},1.3,{"v":5,"d":"5.0"},{"v":250,"d":"250.0"}]
["Distribuidor de calcario","unidade",52,{"v":1,"d":"1.0"},{"v":1.37,"d":"1.4"},{"v":6,"d":"6.0"},{"v":71,"d":"71.0"}]
["Ensiladeira","unidade",54,{"v":1,"d":"1.0"},{"v":1.17,"d":"1.2"},{"v":3,"d":"3.0"},{"v":63,"d":"63.0"}]
["Grade aradora (tipo romi)","unidade",36,{"v":1,"d":"1.0"},{"v":1.42,"d":"1.4"},{"v":11,"d":"11.0"},{"v":51,"d":"51.0"}]
["Grade niveladora","unidade",105,{"v":1,"d":"1.0"},{"v":1.24,"d":"1.2"},{"v":4,"d":"4.0"},{"v":130,"d":"130.0"}]
["Implementos para tracao animal","unidade",33,{"v":1,"d":"1.0"},{"v":2.42,"d":"2.4"},{"v":7,"d":"7.0"},{"v":80,"d":"80.0"}]
["Misturador de racao","unidade",25,{"v":1,"d":"1.0"},{"v":1,"d":"1.0"},{"v":1,"d":"1.0"},{"v":25,"d":"25.0"}]
["Mmicrotrator","unidade",8,{"v":1,"d":"1.0"},{"v":1.13,"d":"1.1"},{"v":2,"d":"2.0"},{"v":9,"d":"9.0"}]
["Ordenhadeira mecanica","unidade",37,{"v":1,"d":"1.0"},{"v":1.05,"d":"1.1"},{"v":3,"d":"3.0"},{"v":39,"d":"39.0"}]
["Pulverizador tratorizado","unidade",80,{"v":1,"d":"1.0"},{"v":2,"d":"2.0"},{"v":16,"d":"16.0"},{"v":160,"d":"160.0"}]
["Resfriador de leite, tanque expansao","unidade",31,{"v":1,"d":"1.0"},{"v":1.16,"d":"1.2"},{"v":4,"d":"4.0"},{"v":36,"d":"36.0"}]
["Roçadeira tratorizada","unidade",1,{"v":2,"d":"2.0"},{"v":2,"d":"2.0"},{"v":2,"d":"2.0"},{"v":2,"d":"2.0"}]
["Roçadora","unidade",8,{"v":1,"d":"1.0"},{"v":1.25,"d":"1.3"},{"v":2,"d":"2.0"},{"v":10,"d":"10.0"}]
["Semeadeira/adubadeira para plantio convencional","unidade",39,{"v":1,"d":"1.0"},{"v":1.08,"d":"1.1"},{"v":3,"d":"3.0"},{"v":42,"d":"42.0"}]
["Semeadeira/plantadeira plantio direto","unidade",37,{"v":1,"d":"1.0"},{"v":1.14,"d":"1.1"},{"v":3,"d":"3.0"},{"v":42,"d":"42.0"}]
["Terraceador","unidade",7,{"v":1,"d":"1.0"},{"v":1.29,"d":"1.3"},{"v":2,"d":"2.0"},{"v":9,"d":"9.0"}]
["Trator de esteiras","unidade",8,{"v":1,"d":"1.0"},{"v":1.13,"d":"1.1"},{"v":2,"d":"2.0"},{"v":9,"d":"9.0"}]
["Trator de pneus  acima de 85 cv","unidade",32,{"v":1,"d":"1.0"},{"v":3.19,"d":"3.2"},{"v":20,"d":"20.0"},{"v":102,"d":"102.0"}]
["Trator de pneus até 65 cv","unidade",29,{"v":1,"d":"1.0"},{"v":1.17,"d":"1.2"},{"v":2,"d":"2.0"},{"v":34,"d":"34.0"}]
["Trator de pneus de 66 cv a 85 cv","unidade",194,{"v":1,"d":"1.0"},{"v":1.99,"d":"2.0"},{"v":25,"d":"25.0"},{"v":387,"d":"387.0"}]
["Acude/represa","unidade",238,{"v":1,"d":"1.0"},{"v":1.96,"d":"2.0"},{"v":12,"d":"12.0"},{"v":467,"d":"467.0"}]
["Alambique","unidade",2,{"v":1,"d":"1.0"},{"v":1,"d":"1.0"},{"v":1,"d":"1.0"},{"v":2,"d":"2.0"}]
["Almoxarifado/oficina","unidade",59,{"v":1,"d":"1.0"},{"v":1.31,"d":"1.3"},{"v":4,"d":"4.0"},{"v":77,"d":"77.0"}]
["Armazem para graos ensacados","sacas",23]
["Balanca para bovinos","unidade",17,{"v":1,"d":"1.0"},{"v":1.06,"d":"1.1"},{"v":2,"d":"2.0"},{"v":18,"d":"18.0"}]
["Balanca para veiculos","unidade",7,{"v":1,"d":"1.0"},{"v":1.14,"d":"1.1"},{"v":2,"d":"2.0"},{"v":8,"d":"8.0"}]
["Barracao para bicho da seda/sirgaria","unidade",7,{"v":1,"d":"1.0"},{"v":1.14,"d":"1.1"},{"v":2,"d":"2.0"},{"v":8,"d":"8.0"}]
["Barracao para granja/avicultura","unidade",42,{"v":1,"d":"1.0"},{"v":3.24,"d":"3.2"},{"v":32,"d":"32.0"},{"v":136,"d":"136.0"}]
["Barracao/galpao/garagem","unidade",217,{"v":1,"d":"1.0"},{"v":1.23,"d":"1.2"},{"v":6,"d":"6.0"},{"v":267,"d":"267.0"}]
["Biodigestor","unidade",5,{"v":1,"d":"1.0"},2.6,{"v":8,"d":"8.0"},{"v":13,"d":"13.0"}]
["Casa de moradia habitada","unidade",350,{"v":1,"d":"1.0"},{"v":2.12,"d":"2.1"},{"v":28,"d":"28.0"},{"v":743,"d":"743.0"}]
["Casa de moradia total","unidade",441,{"v":1,"d":"1.0"},{"v":2.73,"d":"2.7"},{"v":41,"d":"41.0"},{"v":1202,"d":"1,202.0"}]
["Curral/mangueira","unidade",326,{"v":1,"d":"1.0"},{"v":1.08,"d":"1.1"},{"v":4,"d":"4.0"},{"v":353,"d":"353.0"}]
["Deposito/tulha","unidade",181,{"v":1,"d":"1.0"},{"v":1.19,"d":"1.2"},{"v":4,"d":"4.0"},{"v":216,"d":"216.0"}]
["Engenho","unidade",3,{"v":1,"d":"1.0"},{"v":1,"d":"1.0"},{"v":1,"d":"1.0"},{"v":3,"d":"3.0"}]
["Estabulo","unidade",139,{"v":1,"d":"1.0"},{"v":1.04,"d":"1.0"},{"v":3,"d":"3.0"},{"v":145,"d":"145.0"}]
["Estacao/posto meteorologico","unidade",5,{"v":1,"d":"1.0"},{"v":1,"d":"1.0"},{"v":1,"d":"1.0"},{"v":5,"d":"5.0"}]
["Estufa/plasticultura","m2",8]
["Fabrica de racao","unidade",14,{"v":1,"d":"1.0"},{"v":1,"d":"1.0"},{"v":1,"d":"1.0"},{"v":14,"d":"14.0"}]
["Instalacoes para equinos","unidade",40,{"v":1,"d":"1.0"},5.2,{"v":24,"d":"24.0"},{"v":208,"d":"208.0"}]
["Maquina de beneficio","unidade",12,{"v":1,"d":"1.0"},{"v":1.08,"d":"1.1"},{"v":2,"d":"2.0"},{"v":13,"d":"13.0"}]
["Packing house","unidade",1,{"v":1,"d":"1.0"},{"v":1,"d":"1.0"},{"v":1,"d":"1.0"},{"v":1,"d":"1.0"}]
["Pocilga","unidade",56,{"v":1,"d":"1.0"},{"v":1.46,"d":"1.5"},{"v":24,"d":"24.0"},{"v":82,"d":"82.0"}]
["Poco semi-artesiano","unidade",54,{"v":1,"d":"1.0"},{"v":1.13,"d":"1.1"},{"v":3,"d":"3.0"},{"v":61,"d":"61.0"}]
["Secador de graos","unidade",5,{"v":1,"d":"1.0"},1.2,{"v":2,"d":"2.0"},{"v":6,"d":"6.0"}]
["Silo para graos","ton",10]
["Silo para silagem","ton",29]
["Terreiro","m2",52]
["Usina de acucar/destilaria","unidade",1,{"v":1,"d":"1.0"},{"v":1,"d":"1.0"},{"v":1,"d":"1.0"},{"v":1,"d":"1.0"}]
["Fonte: Secretaria de Agricultura e Abastecimento, CDRS/IEA, Projeto LUPA."]
[]
["TABELA 91.4 - Outras Estatísticas Agrícolas, Município de Brotas, Estado de São Paulo, 2016/17."]
["ITEM","Número de UPAs",null,"Percentual"]
["Faz Parte de Associação de Produtores",69,null,{"v":9.452054794520548,"d":"9.5"}]
["Faz Parte de Cooperativa de Produtores",111,null,{"v":15.205479452054794,"d":"15.2"}]
["Faz Parte do Sindicato de Produtores",294,null,{"v":40.273972602739725,"d":"40.3"}]
["Não utiliza assistência técnica ",351,null,{"v":48.082191780821915,"d":"48.1"}]
["Utiliza somente assistência técnica governamental ",114,null,{"v":15.616438356164384,"d":"15.6"}]
["Utiliza somente assistência técnica privada ",168,null,{"v":23.013698630136986,"d":"23.0"}]
["Utiliza assistência técnica tanto governamental quanto privada",97,null,{"v":13.287671232876713,"d":"13.3"}]
["Utiliza Crédito Rural",165,null,{"v":22.602739726027394,"d":"22.6"}]
["Utiliza Seguro Rural",35,null,{"v":4.794520547945205,"d":"4.8"}]
["Utiliza Escrituração Agrícola",191,null,{"v":26.164383561643838,"d":"26.2"}]
["Acessa Internet p/ Fins na Agropecuária",94,null,{"v":12.876712328767125,"d":"12.9"}]
["Utiliza Computador nas Atividades Agropecuárias",109,null,{"v":14.931506849315069,"d":"14.9"}]
["Utiliza Energia Elétrica Para Uso na Atividade Agrícola",450,null,{"v":61.64383561643836,"d":"61.6"}]
["Utiliza Energia Alternativa",3,null,{"v":0.4109589041095891,"d":"0.4"}]
["Realiza Análise de Solo, quando necessário",287,null,{"v":39.31506849315068,"d":"39.3"}]
["Realiza Calagem",96,null,{"v":13.15068493150685,"d":"13.2"}]
["Utiliza Práticas de Conservação de Solo, quando necessário",469,null,{"v":64.24657534246575,"d":"64.2"}]
["Faz Adubação Mineral, quando necessário",355,null,{"v":48.630136986301366,"d":"48.6"}]
["Faz Adubação Orgânica, quando necessário",142,null,{"v":19.452054794520546,"d":"19.5"}]
["Faz Adubação Verde, quando necessário",32,null,{"v":4.383561643835616,"d":"4.4"}]
["Utiliza Manejo Integrado de Pragas (MIP)",9,null,{"v":1.2328767123287672,"d":"1.2"}]
["Utiliza Hidroponia","-",null,"-"]
["Utiliza Cultivo em Estufa",5,null,{"v":0.6849315068493151,"d":"0.7"}]
["Utiliza Mudas Fiscalizadas",123,null,{"v":16.84931506849315,"d":"16.8"}]
["Utiliza Semente Melhorada",133,null,{"v":18.21917808219178,"d":"18.2"}]
["Faz Confinamento de Bovinos",18,null,{"v":2.4657534246575343,"d":"2.5"}]
["Utiliza Pastejo Intensivo",92,null,{"v":12.602739726027396,"d":"12.6"}]
["Faz Inseminação Artificial",29,null,{"v":3.9726027397260273,"d":"4.0"}]
["Faz Mineralização do Rebanho",278,null,{"v":38.082191780821915,"d":"38.1"}]
["Faz Vermifugação do Rebanho",273,null,{"v":37.3972602739726,"d":"37.4"}]
["Possui Parceiros /Arrendatários na Exploração Animal",122,null,{"v":16.71232876712329,"d":"16.7"}]
["Existência de trabalhadores c/ deficiência na UPA","-",null,"-"]
["Esporte e lazer",14,null,{"v":1.9178082191780823,"d":"1.9"}]
["Extração mineral",4,null,{"v":0.547945205479452,"d":"0.5"}]
["Hotel Fazenda, Pousada ou SPA",11,null,{"v":1.5068493150684932,"d":"1.5"}]
["Pesque-pague",2,null,{"v":0.273972602739726,"d":"0.3"}]
["Restaurante ou Lanchonete",10,null,{"v":1.3698630136986303,"d":"1.4"}]
["Transformação artesanal",3,null,{"v":0.4109589041095891,"d":"0.4"}]
["Turismo rural ou ecoturismo",16,null,{"v":2.191780821917808,"d":"2.2"}]
["Outras atividades econômicas rurais",1,null,{"v":0.136986301369863,"d":"0.1"}]
["Agroindústria",3,null,{"v":0.4109589041095891,"d":"0.4"}]
["Proprietário sem instrução ou com instrução incompleta",27,null,{"v":3.6986301369863015,"d":"3.7"}]
["Proprietário com antigo primário completo",210,null,{"v":28.767123287671232,"d":"28.8"}]
["Proprietário com 1° grau (ou antigo ginasial) completo",108,null,{"v":14.794520547945206,"d":"14.8"}]
["Proprietário com 2° grau (ou antigo colegial) completo",110,null,{"v":15.068493150684931,"d":"15.1"}]
["Proprietário com curso superior completo ",247,null,{"v":33.83561643835616,"d":"33.8"}]
["Pessoa Jurídica",28,null,{"v":3.8356164383561646,"d":"3.8"}]
["Proprietário residente na própria UPA ",112,null,{"v":15.342465753424658,"d":"15.3"}]
["Fonte: Secretaria de Agricultura e Abastecimento, CDRS/IEA, Projeto LUPA."]
[]
["TABELA 91.5 - Área Cultivada, Município de Brotas, Estado de São Paulo, 2016/17."]
["CULTURA","N.DE UPAs","MÍNIMO","MÉDIO","MÁXIMO","TOTAL"]
["Cana-de-acucar finalidade industria",271,0.5,{"v":122.89,"d":"122.9"},{"v":2846.5,"d":"2,846.5"},{"v":33303.2,"d":"33,303.2"}]
["Braquiaria",399,0.4,{"v":38.76,"d":"38.8"},{"v":637,"d":"637.0"},{"v":15467.2,"d":"15,467.2"}]
["Eucalipto",178,0.1,{"v":82.87,"d":"82.9"},{"v":4542,"d":"4,542.0"},{"v":14750.1,"d":"14,750.1"}]
["Laranja destino misto",26,0.6,{"v":223.43,"d":"223.4"},{"v":3342.5,"d":"3,342.5"},{"v":5809.3,"d":"5,809.3"}]
["Laranja Industria",15,{"v":28,"d":"28.0"},{"v":315.25,"d":"315.3"},{"v":1007,"d":"1,007.0"},{"v":4728.7,"d":"4,728.7"}]
["Soja",8,{"v":13,"d":"13.0"},{"v":200.25,"d":"200.3"},{"v":630,"d":"630.0"},{"v":1602,"d":"1,602.0"}]
["Milho safra",53,0.1,{"v":22.02,"d":"22.0"},{"v":348,"d":"348.0"},{"v":1166.9,"d":"1,166.9"}]
["Milho 2 safra",10,{"v":2,"d":"2.0"},{"v":47.39,"d":"47.4"},{"v":256,"d":"256.0"},473.9]
["Cana-de-acucar outras finalidades",75,0.1,{"v":6.29,"d":"6.3"},87.7,471.7]
["Laranja Mercado",10,2.4,44.9,108.1,{"v":449,"d":"449.0"}]
["Gramas",38,0.1,{"v":8.35,"d":"8.4"},72.6,317.2]
["Feijao",1,{"v":290,"d":"290.0"},{"v":290,"d":"290.0"},{"v":290,"d":"290.0"},{"v":290,"d":"290.0"}]
["Cafe",32,0.2,{"v":8.58,"d":"8.6"},{"v":75,"d":"75.0"},274.7]
["Milheto",1,{"v":254,"d":"254.0"},{"v":254,"d":"254.0"},{"v":254,"d":"254.0"},{"v":254,"d":"254.0"}]
["Aveia",1,{"v":254,"d":"254.0"},{"v":254,"d":"254.0"},{"v":254,"d":"254.0"},{"v":254,"d":"254.0"}]
["Milho-silagem",13,{"v":4,"d":"4.0"},{"v":12.82,"d":"12.8"},35.4,166.6]
["Gramíneas para fenação (tonelada)",2,{"v":4,"d":"4.0"},{"v":67,"d":"67.0"},{"v":130,"d":"130.0"},{"v":134,"d":"134.0"}]
["Mandioca",5,0.5,{"v":22,"d":"22.0"},83.7,{"v":110,"d":"110.0"}]
["Capim-napier (ou capim-elefante)",13,0.5,{"v":7.99,"d":"8.0"},{"v":40,"d":"40.0"},103.9]
["Sorgo",1,{"v":100,"d":"100.0"},{"v":100,"d":"100.0"},{"v":100,"d":"100.0"},{"v":100,"d":"100.0"}]
["Coloniao",1,{"v":90,"d":"90.0"},{"v":90,"d":"90.0"},{"v":90,"d":"90.0"},{"v":90,"d":"90.0"}]
["Banana",2,{"v":15,"d":"15.0"},37.5,{"v":60,"d":"60.0"},{"v":75,"d":"75.0"}]
["Outras gramineas para pastagem",5,{"v":2,"d":"2.0"},{"v":12.52,"d":"12.5"},30.2,62.6]
["Sorgo-forrageiro",1,48.3,48.3,48.3,48.3]
["Eucalipto aromático",3,{"v":2,"d":"2.0"},{"v":7,"d":"7.0"},{"v":14,"d":"14.0"},{"v":21,"d":"21.0"}]
["Tangerina",2,{"v":3,"d":"3.0"},{"v":9.25,"d":"9.3"},15.5,18.5]
["Goiaba",3,{"v":1,"d":"1.0"},{"v":4.17,"d":"4.2"},7.5,12.5]
["Capim-jaragua",1,{"v":12,"d":"12.0"},{"v":12,"d":"12.0"},{"v":12,"d":"12.0"},{"v":12,"d":"12.0"}]
["Outras florestais",2,{"v":1,"d":"1.0"},5.5,{"v":10,"d":"10.0"},{"v":11,"d":"11.0"}]
["Limao",2,0.4,{"v":4.25,"d":"4.3"},8.1,8.5]
["Macadamia (ou noz-macadamia)",1,8.1,8.1,8.1,8.1]
["Alfafa",1,{"v":7,"d":"7.0"},{"v":7,"d":"7.0"},{"v":7,"d":"7.0"},{"v":7,"d":"7.0"}]
["Outras olericolas",5,0.2,{"v":1.18,"d":"1.2"},2.2,5.9]
["Amora (ou amora-branca)",2,1.5,{"v":2.25,"d":"2.3"},{"v":3,"d":"3.0"},4.5]
["Feijao-adzuki (ou azuki)",1,4.4,4.4,4.4,4.4]
["Lima",2,1.2,2.1,{"v":3,"d":"3.0"},4.2]
["Alface",4,0.1,{"v":0.88,"d":"0.9"},2.2,3.5]
["Brocolos (ou brocolis)",3,0.5,0.7,1.1,2.1]
["Horta domestica",2,0.5,{"v":0.75,"d":"0.8"},{"v":1,"d":"1.0"},1.5]
["Maracuja",2,0.5,{"v":0.75,"d":"0.8"},{"v":1,"d":"1.0"},1.5]
["Acerola (ou cereja-das-antilhas)",1,1.2,1.2,1.2,1.2]
["Quiabo",1,1.1,1.1,1.1,1.1]
["Berinjela",1,1.1,1.1,1.1,1.1]
["Repolho",1,1.1,1.1,1.1,1.1]
["Abobora (ou jerimum)",1,1.1,1.1,1.1,1.1]
["Arroz",1,{"v":1,"d":"1.0"},{"v":1,"d":"1.0"},{"v":1,"d":"1.0"},{"v":1,"d":"1.0"}]
["Pessego",1,{"v":1,"d":"1.0"},{"v":1,"d":"1.0"},{"v":1,"d":"1.0"},{"v":1,"d":"1.0"}]
["Tomate envarado",1,0.8,0.8,0.8,0.8]
["Pomar domestico",2,0.2,{"v":0.35,"d":"0.4"},0.5,0.7]
["Feijao-de-corda",1,0.5,0.5,0.5,0.5]
["Acelga",1,0.5,0.5,0.5,0.5]
["Beterraba",1,0.5,0.5,0.5,0.5]
["Alho",1,0.5,0.5,0.5,0.5]
["Chicoria (ou chicoria-de-folha-crespa)",1,0.2,0.2,0.2,0.2]
["Pimentao",1,0.2,0.2,0.2,0.2]
["Couve (ou couve-crespa)",1,0.1,0.1,0.1,0.1]
["Palmito",1,0.1,0.1,0.1,0.1]
["Cebolinha",1,0.1,0.1,0.1,0.1]
["Fonte: Secretaria de Agricultura e Abastecimento, CDRS/IEA, Projeto LUPA."]